Les tribus dans Lego Legends of Chima - Statistiques

Statistiques générales
  • Ce quiz a été pris 75 fois
  • Le résultat moyen est 11 sur 18
Statistiques - réponses
Tribus dans Lego Legends of Chima % Correct
Aigles
95%
Lions
95%
Crocodiles
93%
Gorilles
84%
Loups
84%
Tigres
75%
Ours
72%
Rhinocéros
69%
Araignées
67%
Scorpions
64%
Mammouths
59%
Phénix
56%
Chauve-souris
51%
Vautours
51%
Castors
34%
Tigres à dents de sabre
31%
Léopards
18%
Ours des glaces
15%
Aucun quiz correspondant
Distribution des résultats
% des personnes avec chaque résultat
Percentile par nombre de réponses
Votre historique - résultats
Vous n’avez pas pris ce quiz